| 000 | 01902nam a2200337 a 4500 | ||
|---|---|---|---|
| 001 | 000039178 | ||
| 003 | DO-SdBNP | ||
| 005 | 20220513140121.0 | ||
| 007 | ta | ||
| 008 | 130606s2021 dr 000 0 spa d | ||
| 020 | _a9789945904123 | ||
| 040 |
_aDO-SdBNP _bspa _cBNPHU |
||
| 082 | 4 |
_a342.7293 _bC748e _222 |
|
| 245 | 1 | 0 |
_aConflictos entre derechos constitucionales en la República Dominicana / _cEnmanuel Cedeño Brea ... [et al.] |
| 260 |
_aSanto Domingo : _bPCMM, _c2021. |
||
| 300 |
_a306 p. ; _c24 cm. |
||
| 490 | 1 | _aCiudadanía y políticas públicas | |
| 500 | _aIncluye referencias bibliográficas y notas al pie de las páginas. | ||
| 500 | _aIncluye bibliografía al final de los capítulos | ||
| 590 | _aInventariado, 2021 / DG | ||
| 651 | 4 |
_aRepública Dominicana _xDerecho Constitucional _99303 |
|
| 700 | 1 |
_aReyes, Renny, _981426 _tLa regulación del derecho a huelga frente a los derechos de los usuarios a os servicios públicos : ¿norma o estándar? |
|
| 700 | 1 |
_aCedeño-Brea, Enmanuel, _tEl secreto profesional y las obligaciones de prevención del lavado de activos de los profesionales sujetos obligados no financieros _981610 |
|
| 700 | 1 |
_aSousa Duvergé, Luis Antonio, _tEl control de convencionalidad en la República Dominicana y el derecho a la nacionalidad : colisión entre la soberanía y la protección de los derechos humanos. _981611 |
|
| 700 | 1 |
_aJorge Mera, Dilia Leticia. _tEl derecho a la salud del menor y la autoridad parental. _981612 |
|
| 700 | 1 |
_aPeña Pérez, Pascal. _981334 _tLa protección de datos personales como derecho fundamental en la República Dominicana : los desafíos jurídicos del ecosistema digital. |
|
| 700 | 1 |
_aPerdomo Cordero, Nassef. _eEl derecho al olvido de los funcionarios en la constitución dominicana. _954065 |
|
| 830 | 0 |
_aCiudadanía y políticas públicas _919938 |
|
| 910 | _aDG. Validado MFF | ||
| 942 |
_2ddc _cLBS1 |
||
| 999 |
_c51482 _d51482 |
||